000
00294nam a22001337a 4500
008
181029b xxu||||| |||| 00| 0 eng d
020
_a
9780871961334
041
_a
eng
080
_a
941
100
_a
17
101
_a
HIS
245
_a
Atlas of Medieval Europe
_c
Matthew, D
942
_2
udc
_c
BK
999
_c
51047
_d
51047